| 000 | 01809nam0a2200421 4500 | ||
|---|---|---|---|
| 001 | RU\NLR\bibl\911034 | ||
| 005 | 20250614183308.0 | ||
| 010 |
_a5-94356-249-4 _bв пер. _91000 |
||
| 021 |
_aRU _b2005-81637 _94035 |
||
| 035 | _a(nilc)RSL-KNO-002792549 | ||
| 035 | _a(NLR Aleph) 000899377 | ||
| 090 |
_a1767050 _c1767050 |
||
| 100 | _a20051212d2005 |||y0rusy50 ca | ||
| 101 | 0 | _arus | |
| 102 | _aRU | ||
| 105 | _ay ||||||||| | ||
| 106 | _ar | ||
| 200 | 1 |
_aИспытание смыслом _e(опыт экзистенциальной антропологии) _eмонография _fР.В. Шамолин _gМ-во образования инауки Рос. Федерации, Новосиб. гос. ун-т |
|
| 210 |
_aНовосибирск _cНГУ _d2005 _gРИЦ НГУ |
||
| 215 |
_a303 с. _d21 |
||
| 320 | _aБиблиогр. в подстроч. прим. | ||
| 606 | 1 |
_aЭкзистенциализм _91367905 _3RU\NLR\auth\66258821 |
|
| 606 | 1 |
_aКультурология _91437504 _3RU\NLR\auth\66607983 |
|
| 610 | 0 | _aСоциология -- Социальные подсистемы -- Личность и общество -- Социальная детерминация личности | |
| 610 | 0 | _aФилософия -- Метафизика. Онтология -- Философская антропология -- Сущность человека | |
| 686 |
_aС556.354,0 _2rubbk |
||
| 686 |
_aЮ216.2,0 _2rubbk |
||
| 686 | _aЮ3(0)6-663 | ||
| 686 | _aЮ216 | ||
| 686 | _aТ3(0)0-7 | ||
| 700 | 1 |
_aШамолин _bР. В. _gРоман Валентинович _4070 |
|
| 801 | 0 |
_aRU _bRuMoRKP _c20051212 _grcr |
|
| 801 | 1 |
_aRU _bРГБ _c20051212 |
|
| 801 | 2 |
_aRU _bNLR _c20060227 _grcr |
|
| 830 | _aавт. по кн. | ||
| 942 | _cBOOK | ||
| 980 | _aNB | ||